[Event "GER-ch Rapid Women 2017"]
[Site "Erfurt"]
[Date "2017.07.29"]
[Round "3"]
[White "Ganser, Ganokorn"]
[Black "Daemering, Katrin"]
[Result "1-0"]
[WhiteElo "1698"]
[BlackElo "2033"]
[Annotator "NA"]
[PlyCount "126"]
[EventDate "2017.??.??"]
[EventType "swiss"]
[EventCountry "GER"]
[SourceTitle "playchess.com"]
[Source "ChessBase"]
[SourceQuality "1"]
[TimeControl "1200"]

1. d4 {[%emt 0:00:01]} Nf6 {[%emt 0:00:01]} 2. c4 {[%emt 0:00:02]} c5 {[%emt 0:00:02]} 3. d5 {[%emt 0:00:01]} b5 {[%emt 0:00:02]} 4. cxb5 {[%emt 0:00:02]} a6 {[%emt 0:00:01]} 5. bxa6 {[%emt 0:00:01]} g6 {[%emt 0:00:02]} 6. Nc3 {[%emt 0:00:05]} Bxa6 {[%emt 0:00:03]} 7. e4 {[%emt 0:00:14]} Bxf1 {[%emt 0:00:03]} 8. Kxf1 {[%emt 0:00:01]} d6 {[%emt 0:00:04]} 9. g3 {[%emt 0:00:02]} Bg7 {[%emt 0:00:08]} 10. Nf3 {[%emt 0:00:12]} O-O {[%emt 0:00:26]} 11. Kg2 {[%emt 0:00:01]} Na6 {[%emt 0:00:30]} 12. Nd2 {[%emt 0:01:05]} Qd7 {[%emt 0:01:22]} 13. Re1 {[%emt 0:00:19]} Ng4 {[%emt 0:00:28]} 14. a3 {[%emt 0:04:07]} Bd4 {[%emt 0:00:59]} 15. Rf1 {[%emt 0:00:30]} Bxf2 {[%emt 0:00:25]} 16. Nc4 {[%emt 0:00:08]} Bd4 {[%emt 0:00:15]} 17. Nb6 {[%emt 0:00:07]} Qb7 {[%emt 0:00:51]} 18. Nxa8 {[%emt 0:00:11]} Nf6 {[%emt 0:02:12]} 19. Qe2 {[%emt 0:02:48]} Rxa8 {[%emt 0:00:30]} 20. Nb5 {[%emt 0:00:53]} Be5 {[%emt 0:00:39]} 21. Rb1 {[%emt 0:00:06]} Rb8 {[%emt 0:00:09]} 22. a4 {[%emt 0:00:05]} Rc8 {[%emt 0:01:35]} 23. Bf4 {[%emt 0:00:13]} Bxf4 {[%emt 0:02:51]} 24. Rxf4 {[%emt 0:00:02]} Nd7 {[%emt 0:00:10]} 25. Rff1 {[%emt 0:01:21]} Ne5 {[%emt 0:00:02]} 26. Rfc1 {[%emt 0:00:10]} Nb4 {[%emt 0:00:09]} 27. b3 {[%emt 0:01:25]} f5 {[%emt 0:01:43]} 28. Rd1 {[%emt 0:01:27]} Rf8 {[%emt 0:00:05]} 29. exf5 {[%emt 0:00:15]} Rxf5 {[%emt 0:00:01]} 30. Qe4 {[%emt 0:00:18]} Nf7 {[%emt 0:01:28]} 31. Kg1 {[%emt 0:00:20]} Ng5 {[%emt 0:00:21]} 32. Qg2 {[%emt 0:00:29]} Nf3+ {[%emt 0:00:21]} 33. Kh1 {[%emt 0:00:16]} Nxd5 {[%emt 0:00:20]} 34. Rd3 {[%emt 0:00:04]} Nb4 {[%emt 0:00:32]} 35. Rxf3 {[%emt 0:00:02]} Qxf3 {[%emt 0:00:04]} 36. Qxf3 {[%emt 0:00:05]} Rxf3 {[%emt 0:00:01]} 37. Kg2 {[%emt 0:00:05]} Re3 {[%emt 0:00:08]} 38. Kf2 {[%emt 0:00:19]} Re5 {[%emt 0:00:07]} 39. a5 {[%emt 0:00:08]} Na6 {[%emt 0:00:03]} 40. Ra1 {[%emt 0:00:09]} Kf7 {[%emt 0:00:04]} 41. Ra4 {[%emt 0:00:30]} d5 {[%emt 0:00:01]} 42. Nc3 {[%emt 0:00:04]} d4 {[%emt 0:00:03]} 43. Nd1 {[%emt 0:00:03]} d3 {[%emt 0:00:10]} 44. Kf3 {[%emt 0:00:05]} d2 {[%emt 0:00:01]} 45. Nb2 {[%emt 0:00:03]} Re1 {[%emt 0:00:03]} 46. Rf4+ {[%emt 0:00:04]} Ke8 {[%emt 0:00:03]} 47. Re4 {[%emt 0:00:16]} d1=Q+ {[%emt 0:00:03]} 48. Nxd1 {[%emt 0:00:01]} Rxd1 {[%emt 0:00:02]} 49. Re2 {[%emt 0:00:03]} Ra1 {[%emt 0:00:01]} 50. Re4 {[%emt 0:00:08]} Rxa5 {[%emt 0:00:01]} 51. Ra4 {[%emt 0:00:02]} Rxa4 {[%emt 0:00:04]} 52. bxa4 {[%emt 0:00:01]} Kd7 {[%emt 0:00:01]} 53. Ke4 {[%emt 0:00:00]} Kd6 {[%emt 0:00:01]} 54. Kd3 {[%emt 0:00:01]} Kd5 {[%emt 0:00:01]} 55. Kc3 {[%emt 0:00:01]} c4 {[%emt 0:00:01]} 56. a5 {[%emt 0:00:02]} e5 {[%emt 0:00:00]} 57. h4 {[%emt 0:00:01]} e4 {[%emt 0:00:01]} 58. Kc2 {[%emt 0:00:01]} Kd4 {[%emt 0:00:01]} 59. g4 {[%emt 0:00:02]} e3 {[%emt 0:00:00]} 60. Kd1 {[%emt 0:00:01]} Kd3 {[%emt 0:00:01]} 61. Ke1 {[%emt 0:00:01]} c3 {[%emt 0:00:01]} 62. Kf1 {[%emt 0:00:01]} c2 {[%emt 0:00:01]} 63. Kg2 {[%emt 0:00:00]} c1=Q {[%emt 0:00:02]} 1-0

[Event "GER-ch Rapid Women 2017"]
[Site "Erfurt"]
[Date "2017.07.29"]
[Round "4"]
[White "Paehtz, Elisabeth"]
[Black "Rath, Alina"]
[Result "1-0"]
[WhiteElo "2486"]
[BlackElo "2035"]
[Annotator "TA"]
[PlyCount "83"]
[EventDate "2017.??.??"]
[EventType "swiss"]
[EventCountry "GER"]
[SourceTitle "playchess.com"]
[Source "ChessBase"]
[SourceQuality "1"]

{[%evp 23,83,18,6,14,25,0,0,0,0,0,21,18,17,16,27,17,17,0,0,-35,0,-45,-4,-26,23,12,18,18,17,0,19,18,41,41,41,41,105,105,98,33,90,94,93,53,58,58,60,62,63,71,113,107,155,157,162,148,216,231,223,216,216,216]} 1. d4 d5 2. Nf3 e6 3. c4 c5 4. cxd5 exd5 5. Nc3 Nc6 6. g3 Nf6 7. Bg2 Be7 8. O-O O-O 9. b3 Re8 10. dxc5 Bxc5 11. Na4 Bd6 12. Bb2 Bg4 13. Rc1 {D34: Tarrasch Defence: 6 g3 Nf6 7 Bg2 Be7} Rc8 (13... Qe7 14. h3 Bf5 15. e3 Be4 16. Nd4 Ne5 17. Nc3 Nd3 18. Nxe4 dxe4 19. Nf5 Qe6 20. Nxd6 Nxb2 {1-0 (124) Michiels,B (2563)-Dale,A (2291) Wijk aan Zee 2015}) 14. Re1 $146 ({Predecessor:} 14. Qd2 b5 15. Bxf6 Qxf6 16. Nc3 Bxf3 17. Bxf3 Ne5 18. Nxb5 Nxf3+ 19. exf3 a6 20. Nxd6 Qxd6 21. Rxc8 Rxc8 {½-½ (34) Sifnatsch,F-Hanke,C ICCF corr 2000}) 14... Bb4 15. Rf1 {The position is equal.} Qe7 16. h3 Be6 (16... Bxf3 $5 17. Bxf3 Red8 $11) 17. Nd4 Ba3 18. Nxc6 bxc6 19. Bxa3 Qxa3 20. Qd2 c5 21. Nc3 {[%cal Ba4c3,Bc3b5,Bb5d4][%mdl 32]} Red8 22. g4 h6 (22... d4 $5 {[%cal Rd4c3]} 23. Rfd1 h6 $11) 23. Rfd1 c4 24. Nb5 Qc5 25. Nd4 Bd7 26. Qf4 Qa5 27. Rc2 cxb3 28. Rxc8 Rxc8 29. axb3 Qc7 ({Better is} 29... Qc3 $14) 30. Qxc7 $16 Rxc7 {[#]} 31. e3 ({White should try} 31. Ra1 $1 $16) 31... g6 (31... a5 $14) 32. Ra1 Ne4 33. Bxe4 dxe4 {[%mdl 4096] Endgame KRB-KRN} 34. Ra5 f6 35. Kg2 Kf7 36. Kg3 Ke7 37. Kf4 Rc1 38. Rxa7 {White is clearly better.} Rh1 39. Kg3 h5 (39... Rg1+ $16 40. Kf4 Rh1 41. Kxe4 Rxh3) 40. Kg2 $18 Rb1 41. gxh5 gxh5 42. Ra5 {Precision: White = 54%, Black = 38%.} 1-0

[Event "GER-ch Rapid Women 2017"]
[Site "Erfurt"]
[Date "2017.07.29"]
[Round "4"]
[White "Mader, Manuela"]
[Black "Osmanodja, Filiz"]
[Result "0-1"]
[WhiteElo "2203"]
[BlackElo "2273"]
[Annotator "NA"]
[PlyCount "92"]
[EventDate "2017.??.??"]
[EventType "swiss"]
[EventCountry "GER"]
[SourceTitle "playchess.com"]
[Source "ChessBase"]
[SourceQuality "1"]
[TimeControl "1200"]

1. e4 {[%emt 0:00:03]} c5 {[%emt 0:00:01]} 2. c3 {[%emt 0:00:01]} Qa5 {[%emt 0:00:02]} 3. Nf3 {[%emt 0:00:16]} Nc6 {[%emt 0:00:01]} 4. Be2 {[%emt 0:01:27]} d6 {[%emt 0:00:04]} 5. O-O {[%emt 0:00:04]} Nf6 {[%emt 0:00:24]} 6. d3 {[%emt 0:00:05]} e5 {[%emt 0:00:07]} 7. Na3 {[%emt 0:00:19]} Be7 {[%emt 0:01:46]} 8. Nc4 {[%emt 0:00:07]} Qc7 {[%emt 0:00:15]} 9. Ne3 {[%emt 0:00:55]} Be6 {[%emt 0:00:30]} 10. Qc2 {[%emt 0:00:40]} d5 {[%emt 0:01:09]} 11. exd5 {[%emt 0:02:23]} Nxd5 {[%emt 0:00:02]} 12. Rd1 {[%emt 0:01:10]} Nf4 {[%emt 0:01:27]} 13. Bf1 {[%emt 0:00:03]} O-O-O {[%emt 0:00:20]} 14. a3 {[%emt 0:00:49]} Na5 {[%emt 0:05:55]} 15. Nd2 {[%emt 0:01:13]} f5 {[%emt 0:00:09]} 16. b4 {[%emt 0:00:12]} Nc6 {[%emt 0:00:02]} 17. Nb3 {[%emt 0:00:34]} cxb4 {[%emt 0:00:50]} 18. axb4 {[%emt 0:00:10]} Nxb4 {[%emt 0:00:03]} 19. Qb1 {[%emt 0:02:51]} Nc6 {[%emt 0:02:04]} 20. d4 {[%emt 0:00:21]} e4 {[%emt 0:01:02]} 21. c4 {[%emt 0:00:20]} Bf6 {[%emt 0:00:21]} 22. d5 {[%emt 0:00:18]} Bxa1 {[%emt 0:00:04]} 23. Qxa1 {[%emt 0:00:10]} Bf7 {[%emt 0:00:45]} 24. dxc6 {[%emt 0:01:17]} Rxd1 {[%emt 0:00:02]} 25. Nxd1 {[%emt 0:00:02]} Nd3 26. cxb7+ {[%emt 0:01:04]} Kxb7 {[%emt 0:00:25]} 27. Be3 {[%emt 0:00:09]} Ka8 {[%emt 0:00:16]} 28. Qa5 {[%emt 0:01:27]} Qxa5 {[%emt 0:00:08]} 29. Nxa5 {[%emt 0:00:01]} Rc8 {[%emt 0:00:01]} 30. Bd4 {[%emt 0:00:13]} Bxc4 {[%emt 0:00:16]} 31. Ne3 {[%emt 0:00:02]} Be6 {[%emt 0:00:04]} 32. g3 {[%emt 0:00:21]} g5 {[%emt 0:00:01]} 33. Kg2 {[%emt 0:00:01]} f4 {[%emt 0:00:01]} 34. gxf4 {[%emt 0:00:01]} gxf4 {[%emt 0:00:01]} 35. Nd1 {[%emt 0:00:03]} Rg8+ {[%emt 0:00:05]} 36. Kh1 {[%emt 0:00:02]} Bg4 {[%emt 0:00:03]} 37. h3 {[%emt 0:00:15]} Bxd1 {[%emt 0:00:05]} 38. Nc4 {[%emt 0:00:04]} Ne1 {[%emt 0:00:06]} 39. Nd6 {[%emt 0:00:05]} Bf3+ {[%emt 0:00:08]} 40. Kh2 Nd3 {[%emt 0:00:17]} 41. Nf5 {[%emt 0:00:03]} Rd8 {[%emt 0:00:03]} 42. Bc3 {[%emt 0:00:02]} Rc8 {[%emt 0:00:01]} 43. Bd4 {[%emt 0:00:01]} Rc1 {[%emt 0:00:04]} 44. Bg2 {[%emt 0:00:04]} Ne1 {[%emt 0:00:04]} 45. Nh4 {[%emt 0:00:08]} Bxg2 {[%emt 0:00:03]} 46. Nxg2 {[%emt 0:00:01]} Nf3# {[%emt 0:00:01]} 0-1

[Event "GER-ch Rapid Women 2017"]
[Site "Erfurt"]
[Date "2017.07.29"]
[Round "4"]
[White "Rogozenco, Teodora"]
[Black "Kinzel, Tiffany"]
[Result "1-0"]
[WhiteElo "2169"]
[BlackElo "1755"]
[Annotator "NA"]
[PlyCount "61"]
[EventDate "2017.??.??"]
[EventType "swiss"]
[EventCountry "GER"]
[SourceTitle "playchess.com"]
[Source "ChessBase"]
[SourceQuality "1"]
[TimeControl "1200"]

1. d4 {[%emt 0:00:01]} f5 {[%emt 0:00:05]} 2. c4 {[%emt 0:00:01]} e6 {[%emt 0:00:08]} 3. Nc3 {[%emt 0:00:04]} Nf6 {[%emt 0:00:14]} 4. Qc2 {[%emt 0:00:11]} d5 {[%emt 0:00:42]} 5. Bf4 {[%emt 0:00:10]} Bd6 {[%emt 0:01:07]} 6. Be5 {[%emt 0:00:28]} O-O {[%emt 0:00:23]} 7. O-O-O {[%emt 0:02:07]} c6 {[%emt 0:02:44]} 8. e3 {[%emt 0:00:45]} b6 {[%emt 0:02:24]} 9. h3 {[%emt 0:00:18]} Ba6 {[%emt 0:00:15]} 10. g4 {[%emt 0:00:30]} Ne4 {[%emt 0:03:53]} 11. gxf5 {[%emt 0:02:46]} exf5 {[%emt 0:00:31]} 12. Bd3 {[%emt 0:00:16]} Bxc4 {[%emt 0:02:32]} 13. Bxc4 {[%emt 0:00:13]} Nxc3 {[%emt 0:00:50]} 14. Qxc3 {[%emt 0:00:21]} dxc4 {[%emt 0:00:02]} 15. Qxc4+ {[%emt 0:00:01]} Rf7 {[%emt 0:00:17]} 16. Nf3 {[%emt 0:00:03]} Bf8 {[%emt 0:00:19]} 17. Rhg1 {[%emt 0:02:14]} b5 {[%emt 0:00:02]} 18. Qb3 {[%emt 0:00:13]} a5 {[%emt 0:00:14]} 19. Ng5 {[%emt 0:00:13]} Raa7 {[%emt 0:00:44]} 20. Nxf7 {[%emt 0:01:13]} Rxf7 {[%emt 0:00:02]} 21. Kb1 {[%emt 0:00:44]} a4 {[%emt 0:00:02]} 22. Qe6 {[%emt 0:00:04]} b4 {[%emt 0:00:29]} 23. d5 {[%emt 0:00:09]} cxd5 {[%emt 0:00:04]} 24. Rxd5 {[%emt 0:00:03]} Qh4 {[%emt 0:00:40]} 25. Bxb8 {[%emt 0:00:16]} Qxf2 {[%emt 0:00:02]} 26. Rdd1 {[%emt 0:00:24]} a3 {[%emt 0:00:05]} 27. Be5 {[%emt 0:00:12]} Qf3 {[%emt 0:00:13]} 28. Bxg7 {[%emt 0:00:22]} Qe4+ {[%emt 0:00:24]} 29. Qxe4 {[%emt 0:00:04]} fxe4 {[%emt 0:00:02]} 30. Be5+ {[%emt 0:00:19]} Bg7 {[%emt 0:00:05]} 31. Rd8+ {[%emt 0:00:03]} 1-0

[Event "GER-ch Rapid Women 2017"]
[Site "Erfurt"]
[Date "2017.07.29"]
[Round "4"]
[White "Zschischang, Marine"]
[Black "Michna, Marta"]
[Result "0-1"]
[WhiteElo "2057"]
[BlackElo "2377"]
[Annotator "NA"]
[PlyCount "115"]
[EventDate "2017.??.??"]
[EventType "swiss"]
[EventCountry "GER"]
[SourceTitle "playchess.com"]
[Source "ChessBase"]
[SourceQuality "1"]
[TimeControl "1200"]

1. e4 {[%emt 0:00:01]} e6 {[%emt 0:00:01]} 2. c4 {[%emt 0:00:02]} b6 {[%emt 0:00:10]} 3. Nc3 Bb7 4. d4 {[%emt 0:02:02]} Bb4 {[%emt 0:00:18]} 5. f3 {[%emt 0:00:51]} f5 {[%emt 0:00:54]} 6. exf5 {[%emt 0:00:40]} Nh6 {[%emt 0:00:50]} 7. fxe6 {[%emt 0:00:37]} dxe6 {[%emt 0:02:55]} 8. Be3 {[%emt 0:01:54]} Nf5 {[%emt 0:00:41]} 9. Bf2 {[%emt 0:00:05]} O-O {[%emt 0:01:09]} 10. Nge2 {[%emt 0:01:36]} Nc6 {[%emt 0:01:22]} 11. a3 {[%emt 0:02:19]} Be7 {[%emt 0:00:07]} 12. d5 {[%emt 0:02:49]} exd5 {[%emt 0:01:16]} 13. Qxd5+ {[%emt 0:00:42]} Kh8 {[%emt 0:00:11]} 14. Qxd8 {[%emt 0:00:59]} Raxd8 {[%emt 0:00:08]} 15. Nd5 {[%emt 0:00:33]} Ne5 {[%emt 0:02:21]} 16. Nec3 {[%emt 0:00:17]} Bd6 {[%emt 0:03:47]} 17. O-O-O {[%emt 0:00:19]} c6 {[%emt 0:00:05]} 18. Ne3 {[%emt 0:00:37]} Nh6 {[%emt 0:00:40]} 19. Ne4 {[%emt 0:00:09]} Bc7 {[%emt 0:00:04]} 20. Be2 {[%emt 0:00:19]} Ba6 {[%emt 0:00:06]} 21. b3 {[%emt 0:00:06]} Ng6 {[%emt 0:00:04]} 22. g3 {[%emt 0:01:16]} Bc8 {[%emt 0:00:08]} 23. Rxd8 {[%emt 0:00:03]} Rxd8 {[%emt 0:00:12]} 24. Rd1 {[%emt 0:00:01]} Re8 {[%emt 0:00:01]} 25. Ng2 {[%emt 0:00:12]} Bf5 {[%emt 0:00:08]} 26. Bd3 {[%emt 0:00:13]} Ne5 {[%emt 0:00:03]} 27. g4 {[%emt 0:00:08]} Nxd3+ {[%emt 0:00:06]} 28. Rxd3 {[%emt 0:00:03]} Bxe4 {[%emt 0:00:02]} 29. fxe4 {[%emt 0:00:02]} Nxg4 {[%emt 0:00:13]} 30. Bg3 {[%emt 0:00:01]} Bxg3 {[%emt 0:00:07]} 31. hxg3 {[%emt 0:00:01]} g6 {[%emt 0:00:43]} 32. Rd7 {[%emt 0:00:03]} a6 {[%emt 0:00:15]} 33. Rd6 {[%emt 0:00:06]} Ne5 {[%emt 0:00:10]} 34. Nf4 b5 35. c5 {[%emt 0:00:09]} Kg8 {[%emt 0:00:01]} 36. Kd2 {[%emt 0:00:06]} Kg7 {[%emt 0:00:01]} 37. Ne6+ Kg8 38. Nd4 {[%emt 0:00:05]} Rc8 {[%emt 0:00:04]} 39. Re6 {[%emt 0:00:04]} Nd7 {[%emt 0:00:01]} 40. Rxc6 {[%emt 0:00:02]} Rxc6 {[%emt 0:00:02]} 41. Nxc6 {[%emt 0:00:02]} Nxc5 {[%emt 0:00:01]} 42. e5 {[%emt 0:00:10]} Nxb3+ {[%emt 0:00:00]} 43. Kc3 Nc5 44. Kd4 Ne6+ 45. Kd5 Kf7 46. Nd4 {[%emt 0:00:07]} Nxd4 {[%emt 0:00:03]} 47. Kxd4 Ke6 48. Ke4 {[%emt 0:00:01]} a5 {[%emt 0:00:01]} 49. Kd4 {[%emt 0:00:01]} b4 {[%emt 0:00:00]} 50. axb4 axb4 51. g4 {[%emt 0:00:02]} b3 {[%emt 0:00:01]} 52. Kc3 {[%emt 0:00:01]} Kxe5 {[%emt 0:00:01]} 53. Kxb3 {[%emt 0:00:01]} Kf4 {[%emt 0:00:01]} 54. Kc3 {[%emt 0:00:00]} Kxg4 55. Kd4 Kf3 {[%emt 0:00:01]} 56. Ke5 {[%emt 0:00:01]} g5 {[%emt 0:00:01]} 57. Kf5 {[%emt 0:00:01]} g4 {[%emt 0:00:01]} 58. Kf6 {[%emt 0:00:01]} 0-1

[Event "GER-ch Rapid Women 2017"]
[Site "Erfurt"]
[Date "2017.07.29"]
[Round "4"]
[White "Ries, Jutta"]
[Black "Fuchs, Judith"]
[Result "0-1"]
[WhiteElo "2051"]
[BlackElo "2285"]
[Annotator "NA"]
[PlyCount "50"]
[EventDate "2017.??.??"]
[EventType "swiss"]
[EventCountry "GER"]
[SourceTitle "playchess.com"]
[Source "ChessBase"]
[SourceQuality "1"]
[TimeControl "1200"]

1. f4 {[%emt 0:00:02]} d5 {[%emt 0:00:03]} 2. Nf3 {[%emt 0:00:02]} c5 {[%emt 0:00:06]} 3. b3 {[%emt 0:00:02]} Nf6 {[%emt 0:00:14]} 4. Bb2 {[%emt 0:00:02]} e6 {[%emt 0:00:06]} 5. e3 {[%emt 0:00:02]} Be7 {[%emt 0:00:05]} 6. Bb5+ {[%emt 0:00:09]} Bd7 7. Qe2 {[%emt 0:00:18]} O-O {[%emt 0:00:33]} 8. Bxd7 {[%emt 0:00:11]} Nbxd7 {[%emt 0:00:17]} 9. O-O {[%emt 0:00:03]} a6 {[%emt 0:00:05]} 10. d3 {[%emt 0:00:08]} b5 {[%emt 0:00:04]} 11. Nbd2 {[%emt 0:00:02]} Qb6 {[%emt 0:00:06]} 12. c4 {[%emt 0:00:06]} bxc4 {[%emt 0:00:28]} 13. dxc4 {[%emt 0:00:02]} a5 {[%emt 0:00:32]} 14. Kh1 {[%emt 0:01:44]} a4 {[%emt 0:00:08]} 15. Ne5 {[%emt 0:04:56]} Rfd8 {[%emt 0:00:54]} 16. Rfb1 {[%emt 0:01:08]} a3 {[%emt 0:01:27]} 17. Bc1 {[%emt 0:01:39]} Nxe5 {[%emt 0:00:47]} 18. fxe5 {[%emt 0:00:03]} Nd7 {[%emt 0:00:12]} 19. cxd5 {[%emt 0:00:59]} exd5 {[%emt 0:00:05]} 20. e4 {[%emt 0:00:37]} Nxe5 {[%emt 0:01:05]} 21. exd5 {[%emt 0:00:14]} Rxd5 {[%emt 0:00:35]} 22. Nc4 {[%emt 0:00:48]} Nxc4 {[%emt 0:01:05]} 23. bxc4 {[%emt 0:00:03]} Qe6 {[%emt 0:00:06]} 24. Qf1 {[%emt 0:01:16]} Rf5 {[%emt 0:00:19]} 25. Qg1 {[%emt 0:01:05]} Bf6 {[%emt 0:00:11]} 0-1

[Event "GER-ch Rapid Women 2017"]
[Site "Erfurt"]
[Date "2017.07.29"]
[Round "4"]
[White "Muetsch, Annmarie"]
[Black "Zahn, Alina"]
[Result "1-0"]
[WhiteElo "2049"]
[BlackElo "2025"]
[Annotator "NA"]
[PlyCount "131"]
[EventDate "2017.??.??"]
[EventType "swiss"]
[EventCountry "GER"]
[SourceTitle "playchess.com"]
[Source "ChessBase"]
[SourceQuality "1"]
[TimeControl "1200"]

1. e4 {[%emt 0:00:01]} e5 {[%emt 0:00:01]} 2. Nf3 {[%emt 0:00:02]} Nc6 {[%emt 0:00:00]} 3. Bc4 {[%emt 0:00:01]} Bc5 {[%emt 0:00:04]} 4. c3 {[%emt 0:00:01]} Nf6 {[%emt 0:00:02]} 5. d3 {[%emt 0:00:02]} O-O {[%emt 0:00:04]} 6. Nbd2 {[%emt 0:00:02]} d5 {[%emt 0:00:17]} 7. exd5 {[%emt 0:00:03]} Nxd5 {[%emt 0:00:02]} 8. Ne4 {[%emt 0:00:03]} Be7 {[%emt 0:00:27]} 9. O-O {[%emt 0:00:05]} Bg4 {[%emt 0:01:28]} 10. Ng3 {[%emt 0:01:05]} Qd7 {[%emt 0:01:09]} 11. h3 {[%emt 0:00:26]} Be6 {[%emt 0:00:11]} 12. Re1 {[%emt 0:00:26]} f6 {[%emt 0:00:30]} 13. d4 {[%emt 0:00:35]} exd4 {[%emt 0:00:36]} 14. Nxd4 {[%emt 0:01:25]} Nxd4 {[%emt 0:05:53]} 15. Qxd4 {[%emt 0:00:07]} Rad8 {[%emt 0:01:59]} 16. Qe4 {[%emt 0:05:28]} Bf7 {[%emt 0:00:13]} 17. Nf5 {[%emt 0:02:24]} Bc5 {[%emt 0:00:30]} 18. Qg4 {[%emt 0:02:32]} Bg6 {[%emt 0:00:48]} 19. Ne3 {[%emt 0:00:49]} Qxg4 {[%emt 0:00:26]} 20. hxg4 {[%emt 0:00:12]} Bxe3 {[%emt 0:00:07]} 21. Bxe3 {[%emt 0:00:01]} Kh8 {[%emt 0:00:01]} 22. Bc5 {[%emt 0:00:08]} Rg8 {[%emt 0:00:18]} 23. Rad1 {[%emt 0:00:06]} c6 {[%emt 0:00:01]} 24. Bxa7 {[%emt 0:00:14]} Ra8 {[%emt 0:00:03]} 25. Bd4 {[%emt 0:00:06]} Ra4 {[%emt 0:00:10]} 26. Bb3 {[%emt 0:00:02]} Raa8 {[%emt 0:00:02]} 27. Bc5 {[%emt 0:00:07]} Rge8 {[%emt 0:00:07]} 28. g3 {[%emt 0:00:06]} h6 {[%emt 0:00:03]} 29. c4 {[%emt 0:00:06]} Nc7 {[%emt 0:00:04]} 30. Bd6 {[%emt 0:00:04]} Na6 {[%emt 0:00:09]} 31. a3 {[%emt 0:00:00]} Rad8 {[%emt 0:00:06]} 32. c5 {[%emt 0:00:11]} Kh7 {[%emt 0:00:09]} 33. Bc4 {[%emt 0:00:02]} Nb8 {[%emt 0:00:07]} 34. f4 {[%emt 0:00:02]} f5 {[%emt 0:00:07]} 35. gxf5 {[%emt 0:00:07]} Bxf5 {[%emt 0:00:02]} 36. Kf2 {[%emt 0:00:03]} Bg4 {[%emt 0:00:02]} 37. Rxe8 {[%emt 0:00:05]} Rxe8 {[%emt 0:00:02]} 38. Re1 {[%emt 0:00:01]} Rxe1 {[%emt 0:00:04]} 39. Kxe1 {[%emt 0:00:01]} Nd7 {[%emt 0:00:01]} 40. b4 {[%emt 0:00:01]} Kg6 {[%emt 0:00:06]} 41. Kf2 {[%emt 0:00:01]} Bf5 {[%emt 0:00:04]} 42. Kf3 {[%emt 0:00:02]} Kf6 {[%emt 0:00:01]} 43. g4 {[%emt 0:00:00]} Bc2 {[%emt 0:00:02]} 44. Ke3 {[%emt 0:00:02]} g5 {[%emt 0:00:07]} 45. fxg5+ {[%emt 0:00:02]} Kxg5 {[%emt 0:00:02]} 46. Bf4+ {[%emt 0:00:02]} Kg6 {[%emt 0:00:03]} 47. Be2 {[%emt 0:00:11]} Nf6 {[%emt 0:00:02]} 48. Kd4 {[%emt 0:00:04]} Ba4 {[%emt 0:00:03]} 49. Ke5 Nd5 {[%emt 0:00:09]} 50. Bd2 {[%emt 0:00:07]} Bc2 {[%emt 0:00:02]} 51. Kd6 {[%emt 0:00:02]} Ba4 {[%emt 0:00:07]} 52. Bf3 {[%emt 0:00:01]} Nf6 {[%emt 0:00:04]} 53. Kc7 {[%emt 0:00:01]} Bb5 {[%emt 0:00:04]} 54. Kxb7 {[%emt 0:00:02]} h5 {[%emt 0:00:12]} 55. gxh5+ {[%emt 0:00:02]} Nxh5 {[%emt 0:00:01]} 56. Bxc6 {[%emt 0:00:03]} Bd3 {[%emt 0:00:02]} 57. b5 {[%emt 0:00:02]} Nf6 {[%emt 0:00:03]} 58. Bc3 {[%emt 0:00:03]} Ng8 {[%emt 0:00:05]} 59. Bd7 {[%emt 0:00:03]} Ne7 {[%emt 0:00:02]} 60. b6 {[%emt 0:00:03]} Kf7 {[%emt 0:00:06]} 61. c6 {[%emt 0:00:02]} Be4 {[%emt 0:00:01]} 62. Bb4 {[%emt 0:00:06]} Bd5 {[%emt 0:00:07]} 63. Bxe7 {[%emt 0:00:03]} Kxe7 {[%emt 0:00:01]} 64. Kc7 {[%emt 0:00:04]} Be4 {[%emt 0:00:03]} 65. b7 {[%emt 0:00:02]} Bd5 {[%emt 0:00:00]} 66. b8=Q {[%emt 0:00:02]} 1-0

[Event "GER-ch Rapid Women 2017"]
[Site "Erfurt"]
[Date "2017.07.29"]
[Round "4"]
[White "Daemering, Katrin"]
[Black "Bachmann, Sylvia"]
[Result "1-0"]
[WhiteElo "2033"]
[BlackElo "1677"]
[Annotator "NA"]
[PlyCount "59"]
[EventDate "2017.??.??"]
[EventType "swiss"]
[EventCountry "GER"]
[SourceTitle "playchess.com"]
[Source "ChessBase"]
[SourceQuality "1"]
[TimeControl "1200"]

1. e4 {[%emt 0:00:01]} c6 {[%emt 0:00:02]} 2. Nc3 {[%emt 0:00:03]} d5 {[%emt 0:00:01]} 3. Nf3 {[%emt 0:00:03]} e6 {[%emt 0:00:14]} 4. d3 {[%emt 0:00:38]} d4 {[%emt 0:00:17]} 5. Ne2 {[%emt 0:00:07]} c5 {[%emt 0:00:01]} 6. Ng3 {[%emt 0:00:21]} Nc6 {[%emt 0:00:10]} 7. Be2 {[%emt 0:00:06]} e5 {[%emt 0:00:06]} 8. h3 {[%emt 0:00:09]} Be7 {[%emt 0:00:03]} 9. O-O {[%emt 0:00:05]} Nf6 {[%emt 0:00:01]} 10. Ne1 {[%emt 0:00:28]} O-O {[%emt 0:00:03]} 11. f4 {[%emt 0:00:06]} exf4 {[%emt 0:00:08]} 12. Bxf4 {[%emt 0:00:04]} Nd7 {[%emt 0:00:08]} 13. Nf3 {[%emt 0:01:02]} f6 {[%emt 0:00:31]} 14. a3 {[%emt 0:03:03]} Qb6 {[%emt 0:00:48]} 15. Rb1 {[%emt 0:00:26]} a5 {[%emt 0:01:02]} 16. Qe1 {[%emt 0:00:22]} Nde5 {[%emt 0:00:34]} 17. Nh4 {[%emt 0:01:01]} Be6 {[%emt 0:00:44]} 18. Ngf5 {[%emt 0:00:22]} Ba2 19. Qg3 {[%emt 0:00:48]} g5 {[%emt 0:02:16]} 20. Bxe5 {[%emt 0:00:48]} fxe5 {[%emt 0:00:25]} 21. Nxe7+ {[%emt 0:00:08]} Nxe7 {[%emt 0:00:14]} 22. Qxg5+ {[%emt 0:00:08]} Ng6 {[%emt 0:00:13]} 23. Ra1 {[%emt 0:01:20]} Bf7 {[%emt 0:00:58]} 24. Nf5 {[%emt 0:01:13]} Ra6 {[%emt 0:00:43]} 25. h4 {[%emt 0:00:56]} Kh8 {[%emt 0:00:25]} 26. h5 {[%emt 0:00:32]} Qxb2 {[%emt 0:00:34]} 27. hxg6 {[%emt 0:00:23]} Rxg6 {[%emt 0:00:02]} 28. Qe7 {[%emt 0:00:08]} Kg8 {[%emt 0:02:38]} 29. Qxe5 {[%emt 0:01:29]} Qxc2 {[%emt 0:00:25]} 30. Ne7# {[%emt 0:00:03]} 1-0